| 000 | 00457nam a2200157 4500 | ||
|---|---|---|---|
| 001 | 123292 | ||
| 003 | ES-MaACL | ||
| 005 | 20230906192139.0 | ||
| 007 | t| | ||
| 008 | 070214s1970 sp r ||||0| spa d | ||
| 100 | 1 |
_aRabassa Asenjo, Bernardo. _994846 |
|
| 245 | 1 | 0 |
_aPsicotecnologĂa publicitaria / _cBernardo Rabassa Asenjo. |
| 260 |
_aSalamanca : _bAnaya, _c1970. |
||
| 300 |
_a174 p., 4 gráf : _bil ; _c18 cm. |
||
| 852 |
_aES-MaACL _jC-42514 _bR.74212 |
||
| 999 |
_c123292 _d123292 |
||